[Event "Julian Mazur Memorial"]
[Site "Wellington Chess Club"]
[Date "2018.07.19"]
[Round "1.7"]
[White "Darr, Samuel"]
[Black "Stone, Andrew"]
[Result "0-1"]
[WhiteElo "1481"]
[BlackElo "2087"]

1. e4 c5 2. Nf3 Nc6 3. d4 cxd4 4. Nxd4 Nf6 5. Nc3 e5 6. Nf3 Bb4 7. Bd2 O-O 8.
Bd3 d5 9. Qe2 Nd4 10. Nxd4 exd4 11. Nb1 dxe4 12. Bxb4 exd3 13. Qxd3 Re8+ 14.
Kf1 Qb6 15. Ba3 Bd7 16. Nd2 Bb5 17. Nc4 Qe6 18. b3 Nd5 19. Bc5 Nf4 20. Qf3
Bxc4+ 21. bxc4 Qxc4+ 22. Kg1 Ne2+ 23. Kf1 Nc1+ 0-1

[Event "Julian Mazur Memorial"]
[Site "Wellington Chess Club"]
[Date "2018.07.19"]
[Round "1.8"]
[White "Forster, Bill"]
[Black "Kibblewhite, Daniel"]
[Result "1-0"]
[WhiteElo "2011"]
[BlackElo "1468"]

1. d4 d5 2. c4 c6 3. Nf3 Nf6 4. Nc3 Bf5 5. Qb3 b6 6. e3 e6 7. Be2 Nbd7 8. O-O
h6 9. Bd2 Bd6 10. Rac1 O-O 11. Rfd1 Rc8 12. Be1 Re8 13. Nd2 Rc7 14. f3 Bg6 15.
e4 dxe4 16. fxe4 e5 17. d5 Nc5 18. Qc2 cxd5 19. Nb5 Rc8 20. Nxa7 Ra8 21. Nc6
Qc7 22. Nb4 dxc4 23. Qxc4 Nfxe4 24. Nd5 Qa7 25. Kh1 Qxa2 26. Nxb6 Qxc4 27.
Ndxc4 Rad8 28. Na5 Bf8 29. Nc6 Rxd1 30. Rxd1 Re6 31. Bb5 Rd6 32. Nd5 Kh8 33.
Nxe5 Nf6 34. Nxg6+ fxg6 35. Nc3 Nfe4 36. Rxd6 Bxd6 37. Nxe4 Nxe4 38. Bc6 Nf6
39. b4 Kg8 40. b5 Kf7 41. b6 Ke7 42. b7 Nd7 43. Kg1 Kd8 44. Bf2 Kc7 45. Bxd7
Kxd7 46. Ba7 Ke6 47. b8=Q Bxb8 48. Bxb8 g5 49. Kf2 Kf5 50. Bd6 h5 51. Kf3 g4+
52. Ke3 h4 53. Be7 g5 54. g3 h3 55. Bd8 Kg6 56. Ke4 Kh5 57. Kf5 Kh6 58. Bxg5+
1-0

[Event "Julian Mazur Memorial"]
[Site "Wellington Chess Club"]
[Date "2018.07.19"]
[Round "1.9"]
[White "Stannard, Lars"]
[Black "Rossiter, Philip"]
[Result "0-1"]
[WhiteElo "1409"]
[BlackElo "1947"]

1. e4 c5 2. Nf3 d6 3. g3 Nc6 4. Bg2 g6 5. Nc3 Bg7 6. d3 a6 7. O-O Rb8 8. a3 e6
9. Be3 Nge7 10. Rb1 O-O 11. Ne2 Bd7 12. b3 d5 13. Bxc5 Re8 14. exd5 Nxd5 15.
Qd2 b6 16. Bd6 Rb7 17. c4 Nf6 18. Ne5 Qc8 19. Qe3 Nxe5 20. Bxe5 Ng4 21. Qe4
Nxe5 22. Qxb7 Nxd3 23. Qxb6 Ne5 24. Rfd1 h5 25. Qd6 Bc6 26. Bxc6 Nxc6 27. a4
Ne5 28. a5 Nf3+ 29. Kg2 Qa8 30. Rbc1 Nh4+ 31. Kf1 Qg2+ 0-1

[Event "Julian Mazur Memorial"]
[Site "Wellington Chess Club"]
[Date "2018.07.19"]
[Round "1.10"]
[White "Winter, Ryan"]
[Black "Stannard, Bobby"]
[Result "1-0"]
[WhiteElo "2129"]
[BlackElo "1298"]

1. e4 e6 2. Nf3 d5 3. Nc3 Nc6 4. d4 Bb4 5. e5 Nge7 6. Bd3 O-O 7. Bxh7+ Kxh7 8.
Ng5+ Kg8 9. Qh5 Re8 10. Qh7+ Kf8 11. Qh8+ Ng8 12. Nh7+ Ke7 13. Qxg7 Kd7 14. Bg5
Be7 15. Qxf7 Nxd4 16. O-O-O c5 17. Nf6+ Nxf6 18. exf6 Kc6 19. fxe7 Qd7 20. h4
Nf5 21. Ne4 Rxe7 22. Bxe7 Qxe7 23. Ng5 Qxf7 24. Nxf7 Bd7 25. h5 Rf8 26. Ne5+
Kd6 27. Ng6 Rg8 28. h6 Nxh6 29. Rxh6 Be8 30. Nf4 b5 31. Nxd5 Bc6 32. Nf6+ 1-0

[Event "Julian Mazur Memorial"]
[Site "Wellington Chess Club"]
[Date "2018.07.19"]
[Round "1.12"]
[White "Winfield, Alan"]
[Black "Asher, Bruce"]
[Result "1-0"]
[WhiteElo "1957"]
[BlackElo "1256"]

1. d4 d5 2. Bf4 Nf6 3. e3 Nc6 4. c3 Bd7 5. Bd3 g6 6. Nd2 e6 7. Ngf3 Bg7 8. Ne5
O-O 9. g4 Bc8 10. h4 h5 11. Bg5 Qd6 12. Nxc6 Qxc6 13. Bxf6 Bxf6 14. gxh5 Kg7
15. hxg6 fxg6 16. Qg4 Qe8 17. Rg1 g5 18. hxg5 Be7 19. Rh1 Rh8 20. O-O-O e5 21.
Bf5 exd4 22. Qxd4+ Kf7 23. g6+ 1-0

[Event "Julian Mazur Memorial"]
[Site "Wellington Chess Club"]
[Date "2018.07.19"]
[Round "1.13"]
[White "Zhao, Aiden"]
[Black "Aldridge, Alan"]
[Result "0-1"]
[WhiteElo "1236"]
[BlackElo "1892"]

1. e4 e5 2. Nf3 Nc6 3. Bc4 Bc5 4. c3 Nf6 5. d4 exd4 6. cxd4 Bb4+ 7. Bd2 Bxd2+
8. Nbxd2 O-O 9. O-O d6 10. e5 dxe5 11. dxe5 Ng4 12. Re1 Na5 13. h3 Nh6 14. Qa4
Nxc4 15. Qxc4 Be6 16. Qh4 Nf5 17. Qxd8 Raxd8 18. Rac1 Rd7 19. Ne4 b6 20. a3 h6
21. Red1 Rfd8 22. Rxd7 Rxd7 23. Nc3 a6 24. b4 Ne7 25. Ne2 c6 26. Nf4 Bf5 27. a4
Be4 28. Rc3 Bxf3 29. Rxf3 Rd4 30. e6 f6 31. Nd3 Nd5 32. b5 cxb5 33. axb5 axb5
34. Nb2 Re4 35. Rd3 Ne7 36. Rd8+ Kh7 37. Rd6 b4 38. Rxb6 f5 39. Na4 Nd5 40. Nc5
Re1+ 41. Kh2 Nxb6 42. e7 Rxe7 43. g4 fxg4 44. hxg4 Rc7 45. Ne6 Rc3 46. Kg2 b3
47. Nf8+ Kg8 48. Ng6 Kf7 49. Ne5+ 0-1

[Event "Julian Mazur Memorial"]
[Site "Wellington Chess Club"]
[Date "2018.07.19"]
[Round "1.14"]
[White "Benitez, Edgar"]
[Black "He, Paul"]
[Result "1/2-1/2"]
[WhiteElo "2006"]
[BlackElo "1507"]

1. d4 Nf6 2. c4 e6 3. Nf3 c5 4. e3 Nc6 5. Nc3 cxd4 6. exd4 d5 7. Be2 dxc4 8.
Bxc4 Bb4 9. O-O O-O 10. Bg5 Be7 11. Re1 h6 12. Bf4 Qb6 13. Qd2 a6 14. a3 Rd8
15. Rad1 Bd6 16. Be3 Qc7 17. Qe2 Bd7 18. Rc1 Ng4 19. h3 Nxe3 20. fxe3 Bg3 21.
Rf1 Be8 22. Ba2 Rac8 23. b4 Na7 24. Qd2 Qe7 25. Ne4 Bd6 26. Rxc8 Nxc8 27. Qc2
Nb6 28. Nxd6 Qxd6 29. Bb1 g6 30. Ne5 f5 31. Qf2 Qe7 32. Qg3 Qg5 33. Qf2 Nd5 34.
e4 Ne3 35. Re1 Rxd4 36. Rxe3 Rd1+ 37. Re1 Qc1 38. Rxd1 Qxd1+ 39. Kh2 Qxb1 40.
exf5 Qxf5 41. Qxf5 gxf5 42. Kg3 Kg7 43. Kf4 Kf6 44. g4 Bc6 45. gxf5 exf5 46. h4
Bb5 47. Nf3 Bd7 48. Nd4 Bc8 49. a4 b6 50. a5 bxa5 51. bxa5 Bd7 52. Nb3 Bc8 53.
Nd4 Bd7 54. Nb3 Bc8 55. Nd4 Bd7 1/2-1/2

[Event "Julian Mazur Memorial"]
[Site "Wellington Chess Club"]
[Date "2018.07.26"]
[Round "1.5"]
[White "Hurndell, Robert"]
[Black "Timergazi, Layla"]
[Result "0-1"]
[WhiteElo "1551"]
[BlackElo "2157"]

1. e4 c6 2. f4 d5 3. exd5 cxd5 4. Nf3 Nc6 5. d4 Bg4 6. Be2 Nf6 7. O-O e6 8. Nc3
Ne4 9. Nxe4 dxe4 10. Ne5 Bxe2 11. Nxc6 Bxd1 12. Nxd8 Be2 13. Re1 Ba6 14. Nxe6
fxe6 15. Rxe4 Kf7 16. Bd2 Rc8 17. c3 Bd3 18. Re3 Bf5 19. h3 h5 20. b4 Bd6 21.
Ree1 Rc4 22. h4 Be7 23. g3 Bf6 24. a4 a5 25. b5 Bc2 26. Ra3 b6 27. Rea1 Be7 28.
R3a2 Bb3 29. Rb2 Rxa4 30. Rxa4 Bxa4 31. c4 Bf6 32. Be3 Rc8 33. c5 bxc5 34. b6
Bxd4 35. Bxd4 cxd4 36. Ra2 Bb3 37. Rxa5 d3 38. Ra7+ Kf6 39. Rd7 Bd5 40. Kf2 Rc6
41. b7 Rb6 0-1

[Event "Julian Mazur Memorial"]
[Site "Wellington Chess Club"]
[Date "2018.07.26"]
[Round "2.1"]
[White "Aldridge, Alan"]
[Black "Dive, Russell"]
[Result "0-1"]
[WhiteElo "1892"]
[BlackElo "2425"]

1. d4 Nf6 2. c4 c5 3. d5 b5 4. a4 bxc4 5. Nc3 d6 6. e4 g6 7. Bxc4 Bg7 8. Nge2
O-O 9. O-O Ba6 10. Bxa6 Nxa6 11. f4 Nb4 12. Ng3 h5 13. h3 a6 14. Ra3 Qc7 15. f5
Nd7 16. Nce2 Ne5 17. fxg6 fxg6 18. Nf4 Qa7 19. Ne6 Rxf1+ 20. Kxf1 Bf6 21. Nxh5
Kf7 22. Nxf6 exf6 23. Bf4 c4 24. Bxe5 dxe5 25. Rf3 Nd3 26. Qd2 Qb8 27. Qh6 Qh8
28. Qxh8 Rxh8 29. b3 Nb2 30. bxc4 Nxc4 31. Rc3 Rc8 32. Ke2 f5 33. g4 Kf6 34.
g5+ Ke7 35. exf5 gxf5 36. Ng7 f4 37. Nf5+ Kd7 38. Nh6 e4 39. Rb3 Ne5 40. Rb7+
Kd6 41. Nf5+ Kc5 42. Ne7 Rh8 43. g6 f3+ 44. Ke3 Nc4+ 45. Kf2 Rxh3 46. Rc7+ Kd4
47. Rxc4+ Kxc4 48. g7 Rh2+ 49. Ke3 Re2+ 50. Kf4 f2 51. g8=Q f1=Q+ 52. Ke5 Kd3
53. Nc6 Qg2 54. Nb4+ Kc4 55. Qxg2 Rxg2 56. Nc6 e3 0-1

[Event "Julian Mazur Memorial"]
[Site "Wellington Chess Club"]
[Date "2018.07.26"]
[Round "2.2"]
[White "Croad, Nicolas"]
[Black "Winfield, Alan"]
[Result "1-0"]
[WhiteElo "2431"]
[BlackElo "1957"]

1. e4 d6 2. d4 Nf6 3. Nc3 Nbd7 4. Nf3 e5 5. Bc4 Be7 6. Ng5 O-O 7. Bxf7+ Rxf7 8.
Ne6 Qe8 9. Nxc7 Qf8 10. Ne6 Qe8 11. Nc7 Qf8 12. Nxa8 exd4 13. Qxd4 Ng4 14. O-O
Bf6 15. Qb4 Be5 16. f4 Nc5 17. Nd5 a5 18. Qc4 b5 19. Qe2 Bd4+ 20. Kh1 g5 21. f5
Nxh2 22. Bxg5 Nxf1 23. Rxf1 Qe8 24. Rf4 Kh8 25. Nac7 Qf8 26. Qh5 Be5 27. Bh6
Bg7 28. Bxg7+ Rxg7 29. Ne8 Qf7 30. Nxg7 1-0

[Event "Julian Mazur Memorial"]
[Site "Wellington Chess Club"]
[Date "2018.07.26"]
[Round "2.3"]
[White "Laking, Robert"]
[Black "Nijman, Brian"]
[Result "0-1"]
[WhiteElo "2014"]
[BlackElo "2162"]

1. d4 e6 2. Nf3 f5 3. c4 Bb4+ 4. Nc3 Nf6 5. a3 Bxc3+ 6. bxc3 b6 7. d5 O-O 8. g3
Bb7 9. Bg5 Qe8 10. Bg2 e5 11. Bxf6 Rxf6 12. e4 f4 13. O-O Na6 14. Re1 Nc5 15.
a4 a5 16. Nh4 d6 17. Nf5 Bc8 18. g4 Bxf5 19. exf5 g6 20. Bh3 g5 21. f3 Qf8 22.
Bf1 Rh6 23. Ra2 Kg7 24. h3 Kf6 25. Ree2 Rh4 26. Rh2 Qe7 27. Bd3 Rh8 28. Rh1 Qe8
29. Bc2 h5 30. Kg2 Rh7 31. Rh2 hxg4 32. fxg4 Re7 33. Rh1 Reh7 34. Rh2 Qh8 35.
Qf3 Re7 36. Qd1 Kf7 37. Bb1 e4 38. Qd4 Re5 39. Bc2 Qd8 40. Bd1 Nd3 41. Kf1 Qh8
42. Kg2 f3+ 43. Kg3 Nf4 44. Qg1 Rxh3+ 45. Rxh3 Qxh3+ 46. Kf2 e3+ 0-1

[Event "Julian Mazur Memorial"]
[Site "Wellington Chess Club"]
[Date "2018.07.26"]
[Round "2.5"]
[White "Sole, Michael"]
[Black "Forster, Bill"]
[Result "0-1"]
[WhiteElo "1772"]
[BlackElo "2045"]

1. e4 e5 2. f4 Nc6 3. Nf3 f5 $5 {The Adelaide Counter Gambit. Unfortunately I
don't know anything about it! But I decided to play it anyway to throw both
players on their own resources} 4. exf5 d6 $2 {Going wrong already}  (4... e4
$1 {is the right move} ) 5. Bc4 $2 {Returning the favour} 5... Bxf5 $10 6. O-O
$2 e4 $17 {Finally, Black is already much better} 7. Re1 Nf6 $2 (7... Be7 $1
{is very strong. I decided to get better developed before pushing the nuclear
button, but I must admit I forgot this gives White the h4 square for his
knight. Fortunately Black's better development still comes through} ) 8. Nc3 $2
$17 Be7 9. Nh4 Bg4 10. Be2 Bxe2 11. Qxe2 O-O 12. Nf5 d5 13. Nxe7+ Qxe7 14. Qb5
$2 {White's position cannot tolerate this adventure} 14... a6 $1 $19 15. Qb3
Qc5+ 16. Kh1 Nd4 17. Qa4 b5 18. Qa5 Nxc2 {Game over really. White plays on in
the hope of a miracle. Justifiable given his perennially nervous opponent.} 19.
b4 Qf2 20. Rg1 Nxa1 21. Qxc7 Nc2 22. Nd1 Ng4 $1 ( {I spent a lot of time
considering the much simpler } 22... Rac8 23. Qxc8 Qxg1+ {That's what a chess
tiger would do, but I wanted a flashy end for some reason} ) 23. Bb2 {If I had
noticed this tricky reply I might have gone for the simpler line}  ( {Black
spends the rest of the game trying to get White to allow the pretty} 23. Qxc2
Qh4 24. h3 Qg3 25. hxg4 Qh4# {It never quite happens, but it was close enough}
) 23... Nd4 24. f5 Rac8 25. Qe7 Qf4 26. g3 (26. Qh4 Nxf5 27. Qh3 {is also very
sad, but at least it's not immediate mate} ) 26... Qf3+ 27. Rg2 Qxd1+ 28. Rg1
Nf2+ 29. Kg2 Qf3+ 30. Kf1 Nd3# 0-1

[Event "Julian Mazur Memorial"]
[Site "Wellington Chess Club"]
[Date "2018.07.26"]
[Round "2.6"]
[White "Rossiter, Philip"]
[Black "Stoeveken, Peter"]
[Result "0-1"]
[WhiteElo "1947"]
[BlackElo "1822"]

1. Nf3 c5 2. e4 Nc6 3. d4 cxd4 4. Nxd4 e5 5. Nb5 a6 6. Nd6+ Bxd6 7. Qxd6 Qf6 8.
Qxf6 Nxf6 9. f3 d6 10. Be3 Be6 11. c4 Rc8 12. Na3 O-O 13. Be2 Nd7 14. O-O f5
15. Rfd1 fxe4 16. Rxd6 exf3 17. Bxf3 Rf6 18. Rad1 Nf8 19. Bg5 Rf7 20. Be4 Nb4
21. Bxb7 Rxb7 0-1

[Event "Julian Mazur Memorial"]
[Site "Wellington Chess Club"]
[Date "2018.07.26"]
[Round "2.7"]
[White "Hall, Nathan"]
[Black "Winter, Ryan"]
[Result "0-1"]
[WhiteElo "1863"]
[BlackElo "2129"]

1. e4 c6 2. d4 d5 3. f3 e6 4. Nc3 Nf6 5. Bf4 Bb4 6. e5 Nfd7 7. Bd3 c5 8. Ne2 c4
9. O-O cxd3 10. Qxd3 b6 11. a3 Be7 12. Qe3 Nc6 13. Kh1 Nf8 14. g4 Ng6 15. Bg3
h5 16. h3 a6 17. Kg2 Bh4 18. Rh1 Na5 19. b3 Bd7 20. f4 Bxg3 21. Nxg3 hxg4 22.
hxg4 Rh4 23. Kf3 Rxh1 24. Rxh1 Qc7 25. f5 Nf8 26. Qd3 Qb7 27. Nh5 O-O-O 28.
Nxg7 Nc6 29. Ke2 Nxe5 30. dxe5 d4 31. Ne4 Bb5 0-1

[Event "Julian Mazur Memorial"]
[Site "Wellington Chess Club"]
[Date "2018.07.26"]
[Round "2.9"]
[White "Ker, Anthony"]
[Black "He, Caleb"]
[Result "1-0"]
[WhiteElo "2485"]
[BlackElo "1823"]

1. e4 c5 2. c3 Nf6 3. e5 Nd5 4. Nf3 Nc6 5. d4 cxd4 6. cxd4 d6 7. Bc4 Nb6 8. Bb5
a6 9. Bxc6+ bxc6 10. O-O e6 11. Bg5 Be7 12. Bxe7 Qxe7 13. Nbd2 O-O 14. Rc1 Bd7
15. Ne4 d5 16. Nc5 Ra7 17. b3 Rc8 18. Qe2 Rca8 19. Rc3 Be8 20. Ne1 Nd7 21. Na4
Rc8 22. Nd3 h6 23. Rfc1 Nf8 24. Ndc5 Rca8 25. f4 Qd8 26. g4 Nd7 27. Nd3 Nf8 28.
Nb4 Ng6 29. Qf2 Ne7 30. f5 exf5 31. gxf5 Rb7 32. Nd3 Rab8 33. Nac5 Ra7 34. Kh1
Qc8 35. f6 Ng6 36. Rg1 Kh7 37. fxg7 Kxg7 38. Nf4 Kh7 39. Nh5 Rba8 1-0

[Event "Julian Mazur Memorial"]
[Site "Wellington Chess Club"]
[Date "2018.07.26"]
[Round "2.10"]
[White "Sellen, Ian"]
[Black "Benitez, Rick"]
[Result "1-0"]
[WhiteElo "2041"]
[BlackElo "1584"]

1. c4 e5 2. Nc3 Nc6 3. g3 b6 4. Bg2 Bb7 5. d3 Rb8 6. Nf3 Nf6 7. O-O Be7 8. a3
a6 9. b4 O-O 10. Nd5 d6 11. Nxe7+ Nxe7 12. Bg5 Nc6 13. e4 h6 14. Be3 Nh7 15.
Nd2 Qd7 16. f4 f5 17. Bh3 Ne7 18. Qe2 Qe8 19. fxe5 dxe5 20. exf5 Rf6 21. Ne4
Bxe4 22. dxe4 Qc6 23. Bg2 Rd8 24. c5 b5 25. Rad1 Rff8 26. Qb2 Qf6 27. Rd2 Nc6
28. Rfd1 Qe7 29. h3 Nf6 30. Qc2 Kh7 31. Rd3 Rg8 32. Kh2 g5 33. fxg6+ Kxg6 34.
Qf2 Rdf8 35. Qe2 Kh7 36. Rf1 Rd8 37. Rxd8 Nxd8 38. Qf2 Rg6 39. Qf5 Nc6 40. g4
Kg7 41. g5 Ng8 42. Bf3 Nd4 43. Bxd4 exd4 44. Qd5 Rxg5 45. Qxd4+ Qe5+ 46. Qxe5+
Rxe5 47. Kg3 Ne7 48. Kf4 Rg5 49. Rf2 Ng6+ 50. Ke3 Ne5 51. Rg2 Nc4+ 52. Kd4 Nxa3
53. Rxg5+ hxg5 54. e5 Nc2+ 55. Kc3 Ne3 56. Bb7 Kf7 57. Bxa6 Ke6 58. Bxb5 Kxe5
59. Bc6 Nd1+ 60. Kc4 Nb2+ 61. Kb5 Kd4 62. Be8 Kd5 63. Bf7+ Kd4 64. c6 Nd3 65.
Ka5 Ke5 66. b5 Nf4 67. b6 cxb6+ 68. Kxb6 1-0

[Event "Julian Mazur Memorial"]
[Site "Wellington Chess Club"]
[Date "2018.07.26"]
[Round "2.12"]
[White "He, Paul"]
[Black "Brockway, Andrew"]
[Result "1/2-1/2"]
[WhiteElo "1507"]
[BlackElo "1867"]

1. e4 c5 2. Nf3 g6 3. d4 cxd4 4. Qxd4 Nf6 5. e5 Nc6 6. Qc4 d5 7. exd6 Qxd6 8.
Nc3 Be6 9. Qa4 Qb4 10. Bb5 Qxa4 11. Bxa4 Nd5 12. Bxc6+ bxc6 13. Bd2 Bg7 14. Nd1
Rb8 15. Rb1 O-O 16. O-O Bf5 17. Ne1 Nb4 18. Bxb4 Rxb4 19. b3 Rd8 20. Ne3 Be6
21. Nd3 Rbb8 22. Rbd1 Bd4 23. Rfe1 Bb6 24. Nf4 Bxe3 25. Nxe6 fxe6 26. fxe3 Rd6
27. Kf2 Rbd8 28. Ke2 Kg7 29. Rd3 Kf7 30. Rf1+ Kg7 31. e4 Rb8 32. Rfd1 Rbd8 33.
Rf1 Rf8 34. Rff3 Rxf3 35. Rxf3 Rd4 36. Ke3 Rd6 1/2-1/2

[Event "Julian Mazur Memorial"]
[Site "Wellington Chess Club"]
[Date "2018.07.26"]
[Round "2.13"]
[White "Sole, Christopher"]
[Black "Day, Fabian"]
[Result "0-1"]
[WhiteElo "1184"]
[BlackElo "1899"]

1. e4 e5 2. Nf3 Nc6 3. b3 Nf6 4. Nc3 Bc5 5. h3 a6 6. Bb2 d6 7. Be2 O-O 8. O-O
Re8 9. Re1 Nd4 10. Bd3 Nxf3+ 11. Qxf3 c6 12. Be2 b5 13. d3 Qc7 14. Nd1 d5 15.
Ne3 Bxe3 16. Qxe3 d4 17. Qg3 c5 18. Bc1 Kh8 19. Bg5 Nd7 20. Bh5 Nf6 21. Bxf6
gxf6 22. Qh4 Qe7 23. f4 Ra7 24. f5 Rc7 25. Rf1 c4 26. bxc4 bxc4 27. Rf3 cxd3
28. cxd3 Bd7 29. Rg3 Rg8 30. Rf1 Rxg3 31. Qxg3 Rc3 32. Rf3 Bb5 33. Kf2 Qf8 34.
Qh4 Qh6 35. Qg4 Qg7 36. Rg3 Qxg4 37. Rxg4 Be8 38. Rg3 Rc2+ 39. Kf3 Rxa2 40. Rg4
a5 41. g3 a4 42. h4 a3 0-1

[Event "Julian Mazur Memorial"]
[Site "Wellington Chess Club"]
[Date "2018.07.26"]
[Round "2.14"]
[White "Stannard, Bobby"]
[Black "Nyberg, Michael"]
[Result "0-1"]
[WhiteElo "1298"]
[BlackElo "2114"]

1. e4 e6 2. d4 d5 3. e5 c5 4. c3 Bd7 5. Nf3 Nc6 6. Be3 Qb6 7. b3 Rc8 8. c4 cxd4
9. Nxd4 Bb4+ 10. Ke2 Bc5 11. Nc2 dxc4 12. bxc4 Nxe5 13. Ke1 Ba4 14. Nc3 Bxc2
15. Qxc2 Bxe3 16. fxe3 Qxe3+ 17. Ne2 Rxc4 18. Qb3 Nd3+ 19. Kd1 Rb4 20. Qa3 Nb2+
21. Ke1 Qxa3 0-1

[Event "Julian Mazur Memorial"]
[Site "Wellington Chess Club"]
[Date "2018.07.26"]
[Round "2.15"]
[White "Wevers, Alexis"]
[Black "Stannard, Lars"]
[Result "1-0"]
[WhiteElo "1795"]
[BlackElo "1409"]

1. d4 d5 2. Bf4 Nf6 3. Nf3 e6 4. e3 Nc6 5. Nbd2 Bd6 6. Bg5 h6 7. Bh4 b6 8. Rc1
Bb7 9. c4 Bb4 10. cxd5 Qxd5 11. Bxf6 gxf6 12. a3 Bxd2+ 13. Qxd2 O-O-O 14. Bc4
Qd6 15. Qe2 Na5 16. Ba6 Rhg8 17. Bxb7+ Nxb7 18. g3 f5 19. Ne5 Rdf8 20. O-O Nd8
21. Qa6+ Kb8 22. Rc3 f6 23. Nd3 Rf7 24. Rfc1 e5 25. dxe5 fxe5 26. Nb4 c5 27.
Rxc5 Qxc5 28. Rxc5 bxc5 29. Qd6+ Ka8 30. Qd5+ Kb8 31. Na6+ Kc8 32. Qxc5+ Kb7
33. Qb5+ Kc8 34. Qb8+ Kd7 35. Qxa7+ Ke8 36. Qc5 Re7 37. Qd5 Nf7 38. Qc6+ Kf8
39. Nc5 Kg7 40. Nd7 Rge8 41. a4 Re6 42. Qb5 Nd6 43. Qb4 f4 44. exf4 exf4 45.
Qxf4 R8e7 46. Nc5 Rf6 47. Qd4 Rf7 48. Ne6+ Kg8 49. Qxd6 Rxf2 50. Nf4 Rxb2 51.
Qg6+ Rg7 52. Qe8+ Kh7 53. Nh5 Rc7 54. Nf6+ Kg7 55. Qg8+ 1-0

[Event "Julian Mazur Memorial"]
[Site "Wellington Chess Club"]
[Date "2018.07.26"]
[Round "2.16"]
[White "Farrington, Lawrence"]
[Black "Heyworth, Nicholas"]
[Result "1-0"]
[WhiteElo "1763"]
[BlackElo "1368"]

1. e4 e5 2. Nf3 Nc6 3. Nc3 Nf6 4. Bb5 Bb4 5. O-O O-O 6. d3 d6 7. Bg5 Bxc3 8.
bxc3 Qe7 9. Bxc6 bxc6 10. h3 h6 11. Bxf6 Qxf6 12. Nd2 a5 13. a4 Re8 14. Qf3 Qg5
15. Nb3 Re6 16. Qg3 Qh5 17. Qg4 Qxg4 18. hxg4 h5 19. gxh5 Rh6 20. f3 Rxh5 21.
Kf2 Bd7 22. Rh1 Rxh1 23. Rxh1 c5 24. Ra1 c4 25. Nd2 cxd3 26. cxd3 Rb8 27. Ra3
Rb2 28. Ke3 Be6 29. g4 c6 30. c4 d5 31. cxd5 cxd5 32. exd5 Bxd5 33. Nc4 Bxc4
34. dxc4 Kf8 35. Ke4 Rc2 36. Kd5 Ke7 37. Kc5 Kd7 38. Rd3+ Kc7 39. Kb5 f6 40.
Re3 Kd6 41. Rd3+ Kc7 42. Kxa5 Rxc4 43. Kb5 Rd4 44. Rxd4 exd4 45. Kc4 d3 46.
Kxd3 Kb6 47. Ke4 Ka5 48. Kf5 Kxa4 49. Kg6 Kb5 50. Kxg7 1-0

[Event "Julian Mazur Memorial"]
[Site "Wellington Chess Club"]
[Date "2018.07.26"]
[Round "2.17"]
[White "Asher, Bruce"]
[Black "Ashe, Michael"]
[Result "0-1"]
[WhiteElo "1256"]
[BlackElo "1623"]

1. e4 e6 2. Nf3 d5 3. exd5 exd5 4. d4 Nf6 5. Nc3 Bb4 6. a3 Bxc3+ 7. bxc3 O-O 8.
h3 Nbd7 9. Bd3 Re8+ 10. Be3 Ne4 11. c4 Ng3 12. Rh2 dxc4 13. Bxc4 Nf5 14. Qd3
Nb6 15. Ne5 Nxc4 16. Qxc4 Be6 17. Qb4 b6 18. O-O-O a5 19. Qb5 Qd6 20. Qb2 Rad8
21. c3 Bd5 22. g3 f6 23. c4 Be4 24. Nd3 Nxe3 25. fxe3 Qxg3 26. Nf4 Qxe3+ 27.
Qd2 Qxa3+ 28. Qb2 Qe3+ 29. Qd2 Bf3 30. Rf2 Bxd1 31. Kxd1 Rxd4 32. Nd5 Qxf2 0-1

[Event "Julian Mazur Memorial"]
[Site "Wellington Chess Club"]
[Date "2018.07.26"]
[Round "2.19"]
[White "Darr, Samuel"]
[Black "Hurndell, Robert"]
[Result "1-0"]
[WhiteElo "1481"]
[BlackElo "1551"]

1. e4 e6 2. d4 d5 3. e5 c5 4. c3 Nc6 5. Nf3 cxd4 6. cxd4 Bb4+ 7. Bd2 Bxd2+ 8.
Nbxd2 Nge7 9. Nb3 O-O 10. Bd3 Nf5 11. O-O Nce7 12. Qc2 Ng6 13. Rac1 b6 14. Qc7
Ngh4 15. Nxh4 Qxh4 16. Bb5 Qd8 17. Rc3 a6 18. Bd3 Bd7 19. g4 Nh6 20. h3 Rc8 21.
Qxd8 Rfxd8 22. Bxa6 Ra8 23. Bb7 Rxa2 24. Rc2 Rb8 25. Rfc1 g6 26. Bc8 Ba4 27.
Rc3 Rxb2 28. Na1 Rd2 29. f4 Kg7 30. Rc7 Rxd4 31. g5 Nf5 32. Bxe6 Be8 33. Nb3
Rxf4 34. Bxd5 Nd4 35. Nxd4 Rxd4 36. Bxf7 Bxf7 37. Rf1 Re4 38. Rfxf7+ Kg8 39.
Rg7+ Kf8 40. Rxh7 Kg8 41. Rhe7 b5 42. e6 b4 43. Rg7+ 1-0

[Event "Julian Mazur Memorial"]
[Site "Wellington Chess Club"]
[Date "2018.07.28"]
[Round "1.11"]
[White "Heyworth, Nicholas"]
[Black "Jackson, Ross"]
[Result "0-1"]
[WhiteElo "1368"]
[BlackElo "1945"]

1. d4 d5 2. Bf4 Nf6 3. e3 c5 4. c3 e6 5. Nd2 Nc6 6. Bd3 Bd6 7. Bg3 Qe7 8. Ngf3
e5 9. dxe5 Nxe5 10. Nxe5 Bxe5 11. Bxe5 Qxe5 12. Nf3 Qe7 13. Bb5+ Bd7 14. Qb3
O-O 15. Bxd7 Qxd7 16. Rd1 Rad8 17. O-O Rfe8 18. Qc2 Qc6 19. a4 b6 20. Rd3 h6
21. Rfd1 Qe6 22. c4 Rd7 23. cxd5 Rxd5 24. h3 Red8 25. Rxd5 Rxd5 26. Ra1 Qe4 27.
Qxe4 Nxe4 28. Kf1 Nd2+ 29. Ke2 Nxf3 30. Kxf3 Rd2 31. Rb1 Kf8 32. b3 Ke7 33. e4
Ke6 34. Ke3 Rd4 35. Rc1 Rb4 36. Rc3 f5 37. exf5+ Kxf5 38. f3 g5 39. g4+ Ke5 40.
Rd3 c4 41. bxc4 Rxc4 42. Ra3 Kd5 43. Kd3 Rd4+ {"the a pawn dropped and Black
won" (Ross Jackson)} 0-1

[Event "Julian Mazur Memorial"]
[Site "Wellington Chess Club"]
[Date "2018.07.28"]
[Round "2.11"]
[White "Alcorn, Simeon"]
[Black "Benitez, Edgar"]
[Result "0-1"]
[WhiteElo "1466"]
[BlackElo "2006"]

1. e4 e5 2. Nf3 Nc6 3. Bb5 a6 4. Ba4 Nf6 5. O-O Be7 6. Re1 b5 7. Bb3 d6 8. d4
Bg4 9. dxe5 Nxe5 10. Nbd2 O-O 11. c3 c5 12. h3 Bh5 13. Bc2 Qc7 14. b3 Rad8 15.
Bb2 c4 16. Re3 Nfd7 17. Qe1 Nxf3+ 18. Nxf3 Ne5 19. Nd4 Bg5 20. Rg3 Bf4 21. Bd1
Bg6 22. Re3 Bxe3 23. Qxe3 Nd3 24. Rb1 Rfe8 25. Bf3 d5 26. Qd2 dxe4 27. Bg4 b4
28. bxc4 Ne5 29. Qe2 e3 30. Rd1 Nxc4 31. cxb4 exf2+ 32. Qxf2 Nxb2 33. Qxb2 Re4
34. Bf3 Rexd4 35. Rxd4 Qb6 0-1

[Event "Julian Mazur Memorial"]
[Site "Wellington Chess Club"]
[Date "2018.08.02"]
[Round "3.1"]
[White "Dive, Russell"]
[Black "Forster, Bill"]
[Result "1-0"]
[WhiteElo "2425"]
[BlackElo "2045"]

1. Nf3 d5 2. c4 c6 3. d4 Nf6 4. e3 e6 5. Nc3 Nbd7 6. Bd3 dxc4 7. Bxc4 b5 8. Bb3
Bb7 9. O-O a6 10. a4 Be7 11. Re1 O-O 12. e4 b4 13. Nb1 a5 14. Bf4 Nb6 15. Nbd2
c5 16. dxc5 Bxc5 17. Rc1 Rc8 18. Qe2 Ng4 19. Bg3 Nd7 20. Nc4 Ba6 21. Qd2 Bxc4
22. Bxc4 Qe7 23. h3 Nh6 24. Ba6 Ra8 25. Bb7 Ra7 26. Bc6 Rc8 27. Bb5 Nf8 28. Bd6
1-0